000 00690nam a22001817a 4500
999 _c25921
_d25921
003 BDDh-ASL
005 20231015030557.0
008 210920s1996 b ||||| |||| 00| 0 b d
040 _cBDDh-ASL
082 _a297.9243
_bTAP
100 1 _94428
_aতালিব, মুহম্মদ আবূ
245 1 0 _aপাবনায় ইসলাম /
246 _aPabnay Islam
260 _aঢাকা:
_bইসলামিক ফাউন্ডেশন বাংলাদেশ,
_c১৯৯৬।
300 _a76 p. :
_c21 cm.
650 0 _aReligion, ধর্ম, Dharma, faith, creed, law, worship, property, আস্তিকতা, দীন
_xIslam
_92606
942 _2ddc
_cBK